Compendio de Retórica y Poética ó de Preceptiva Literaria (Record no. 154576)

MARC details
000 -LEADER
campo de control de longitud fija 00760nam a2200193 i 4500
001 - NÚMERO DE CONTROL
campo de control 154576
003 - IDENTIFICADOR DE NÚMERO DE CONTROL
campo de control ES-MaACL
005 - FECHA Y HORA DE LA ÚLTIMA TRANSACCIÓN
campo de control 20230906205801.0
008 - DATOS DE LONGITUD FIJA--INFORMACIÓN GENERAL
campo de control de longitud fija 960527s1882 sp |||| | spa d
040 ## - FUENTE DE CATALOGACIÓN
Centro catalogador/agencia de origen CYL
Lengua de catalogación spa
Centro/agencia transcriptor CYL
100 1# - ENTRADA PRINCIPAL--NOMBRE DE PERSONA
Nombre de persona González Garbín, Antonio.
9 (RLIN) 127411
245 10 - MENCIÓN DEL TÍTULO
Título Compendio de Retórica y Poética ó de Preceptiva Literaria
Resto del título : escrito para uso de los alumnos que cursan esta asignatura en la Segunda Enseñanza /
Mención de responsabilidad, etc. por D. Antonio González Garbín.
250 ## - MENCION DE EDICION
Mención de edición 4ª ed., notablemente reform.
260 ## - PUBLICACIÓN, DISTRIBUCIÓN, ETC.
Lugar de publicación, distribución, etc. Barcelona :
Nombre del editor, distribuidor, etc. [s.n.],
Fecha de publicación, distribución, etc. 1882 (
Fabricante Imprenta de la Viuda é Hijos de J. Subirana)
300 ## - DESCRIPCIÓN FÍSICA
Extensión 230, [1] p. ;
Dimensiones 24 cm.
650 #4 - PUNTO DE ACCESO ADICIONAL DE MATERIA--TÉRMINO DE MATERIA
Término de materia o nombre geográfico como elemento de entrada Retórica.
9 (RLIN) 16882
650 #4 - PUNTO DE ACCESO ADICIONAL DE MATERIA--TÉRMINO DE MATERIA
Término de materia o nombre geográfico como elemento de entrada Poética.
9 (RLIN) 16254
852 ## - LOCALIZACIÓN
Ubicación ES-MaACL
Número de control de estantería B-1256
Nota libre -- Enc. hol.
Holdings
Estatus retirado Estado de pérdida Estado de daño No para préstamo Colección Biblioteca de origen Biblioteca actual Ubicación en estantería Fecha de adquisición Fuente de adquisición Total de préstamos Signatura topográfica completa Código de barras Visto por última vez Precio de reemplazo Tipo de ítem Koha
        Libros del s. XIX Biblioteca del Ateneo de Madrid Biblioteca del Ateneo de Madrid Sala Pardo Bazán 17/01/2008     B-1256 1161666 23/02/2023 23/02/2023 Libro impreso antiguo